000 02350 a2200217 4500
001 48635
005 20260407155751.0
008 260407a2007 arg spa d
003 AR-UNSa-BCEJYS
040 _aAR-UNSa-BCEJYS
_bspa
_cAR-UNSa-BCEJYS
080 _a330:614
_xEconomía de la Salud Pública
245 1 0 _aEnsayos de la economía de la salud
020 _a978-950-9445-43-7
264 1 _aBuenos Aires :
_bTemas Grupo Editorial
_c2007
300 _a367 p.
_c23 cm.
505 _aPARTE A: Prevención de las parasitosis: 1. Economía de la salud: La prevención de la parasitosis como inversión / del Rey, Eusebio C. - 2. Metodología de cálculo de costos y beneficios de la prevención de la parasitosis / del Rey, Eusebio C.; Basombrío, Miguel A. y Rojas, Carlos L. - 3. Prevención de la enfermedad de Chagas por rociado / del Rey, Eusebio C.; Basombrío, Miguel A. y Rojas, Carlos L. - PARTE B: Salud infantil: 5. Diferencias sociales de riesgo de muerte en la infancia / Cid, Juan C. y Paz, Jorge A. - 6. Análisis económico del papel del hogar y de la comunidad en la determinación del estado nutricional de los niños argentinos / Delajara, Marcelo; Amiune, Oscar y Bertranou, Fabio - 7. Impacto de la desnutrición infantil en la educación primaria / Lledó, Pablo - 8. La prevención de la enfermedad de Chagas congénito / Rojas, Carlos L. y Basombrío, Miguel A. - PARTE C: Demanda de servicios de atención de la salud: 9. Relación entre seguros y utilización de servicios de la salud: Evidencia micro econométrica para la Argentina / Bertranou, Fabio - 10. Gastar en cuidados médicos: ¿Es un lujo para los montevideanos? / Rossi, Máximo y Triunfo, Patricia - 11. Análisis de la demanda de asistencia sanitaria: La utilidad del médico como determinante / Temporelli, Karina L. - PARTE D: Economía laboral: 12. Diferencial de salarios entre instituciones públicas y privadas en el sector sanitario de Tucumán / Casal, María del P. y Ortega Masagué, Carolina - 13. Estimación actualizada del costo económico en Argentina de la mortalidad atribuible al tabaco en adultos / Conte Grand, Mariana - 14. Participación económica de la población y salud en Argentina / Paz, Jorge.
942 _cBK
590 _aniveau_biblio:m niveau_hierar:0
100 1 _adel Rey, Eusebio Cleto
700 1 _aPaz, Jorge Augusto
999 _c4663
_d4663